Backstreet boys /
Guardado en:
| Autor Principal: | |
|---|---|
| Formato: | Libro |
| Publicado: |
Barcelona :
Ediciones B,
1998
|
| Materias: | |
| Etiquetas: |
Agregar Etiqueta
Sin Etiquetas, Sea el primero en etiquetar este registro!
|
| LEADER | 00542nam a22001935a 4500 | ||
|---|---|---|---|
| 001 | CEM.cems009769 | ||
| 005 | 20080718101953.0 | ||
| 008 | 130507s1998##################000#0#####d | ||
| 003 | CEMS | ||
| 020 | |a 8440683243 | ||
| 082 | 0 | 4 | |a 784 |
| 100 | 1 | |a Heatley, Michael | |
| 245 | 1 | 0 | |a Backstreet boys / |c Michael Heatley |
| 260 | |a Barcelona : |b Ediciones B, |c 1998 | ||
| 300 | |a 64 p. | ||
| 505 | 0 | |a Historia de los Backstreet Boys | |
| 653 | |a Música-biografías | ||
| 653 | |a Backstreet boys | ||
| 859 | |a CEMS |b BIB. CEMS - 11 de abril |h 784 |i H352 |p 20056.98 |t Ej.1 | ||
